Εντα Γκάμπλερ : δράμα σε τέσσερις πράξεις
Αποθηκεύτηκε σε:
| Κύριος συγγραφέας: | |
|---|---|
| Άλλοι συγγραφείς: | |
| Μορφή: | Βιβλίο |
| Γλώσσα: | Greek Norwegian |
| Δημοσίευση: |
Αθήνα :
Δωδώνη,
[1977].
|
| Σειρά: | Παγκόσμιο θέατρο (Δωδώνη) ;
67 |
| Θέματα: | |
| Ετικέτες: |
Προσθήκη ετικέτας
Δεν υπάρχουν, Καταχωρήστε ετικέτα πρώτοι!
|
MARC
| LEADER | 00000cam a2200000 i 4500 | ||
|---|---|---|---|
| 001 | 1/59083 | ||
| 008 | 040804s1977 gr | ||| |||| ||gre|| | ||
| 020 | |a 9602481781 | ||
| 035 | |l 10074057 | ||
| 040 | |a GR-MyUA |b gre |e AACR2 | ||
| 041 | 1 | |a gre |h nor | |
| 082 | 0 | |a 839.822 | |
| 100 | 1 | |a Ibsen, Henrik, |d 1828-1906. | |
| 245 | 1 | 0 | |a Εντα Γκάμπλερ : |b δράμα σε τέσσερις πράξεις / |c Ερρίκου Ιψεν ; μετάφραση Γ.Ν. Πολίτη. |
| 260 | |a Αθήνα : |b Δωδώνη, |c [1977]. | ||
| 300 | |a 138 σ. ; |c 22 εκ. | ||
| 490 | 1 | |a (Παγκόσμιο θέατρο / Δωδώνη ; |v 67) | |
| 500 | |a Τίτλος πρωτοτύπου: Hedda Gabler. | ||
| 650 | 0 | 0 | |a Norwegian drama. |
| 700 | 1 | |a Πολίτης, Γ. Ν. |e trl | |
| 830 | 0 | |a Παγκόσμιο θέατρο (Δωδώνη) ; |v 67 | |
| 852 | |a INST |b SAMOS |e 20040804 |h 839.822 IBS |p 005300023294 |q 005300023294 |t BK |y 0 | ||
| 901 | |a BIBL3-2004-2 | ||
| 909 | |a Σ |b 107374 | ||
| 922 | |a 3ΕΛΗ |b 200406 |c ΕΠΕΑΕΚ/ΤΜΠΕΣ |d LEADER | ||
| 970 | |a ΚΟΣΙΕΡΗΣ |b ΧΡΗΣΤΟΣ |z 2004/08/04 | ||